|
|
|
|
| LEADER |
00000caa a22000002c 4500 |
| 001 |
1631354353 |
| 003 |
DE-627 |
| 005 |
20220607125215.0 |
| 007 |
tu |
| 008 |
150722s2003 xx ||||| 00| ||ger c |
| 035 |
|
|
|a (DE-627)1631354353
|
| 035 |
|
|
|a (DE-576)437854191
|
| 035 |
|
|
|a (DE-599)BSZ437854191
|
| 040 |
|
|
|a DE-627
|b ger
|c DE-627
|e rakwb
|
| 041 |
|
|
|a ger
|
| 100 |
1 |
|
|a Lönz, Michael
|4 aut
|
| 245 |
1 |
0 |
|a Chancengleichheit im Bildungssystem?
|b Eine Anfrage
|
| 264 |
|
1 |
|c 2003
|
| 336 |
|
|
|a Text
|b txt
|2 rdacontent
|
| 337 |
|
|
|a ohne Hilfsmittel zu benutzen
|b n
|2 rdamedia
|
| 338 |
|
|
|a Band
|b nc
|2 rdacarrier
|
| 610 |
2 |
7 |
|0 (DE-588)2000588-X
|0 (DE-627)101350473
|0 (DE-576)191568015
|a Ständige Konferenz der Kultusminister der Länder in der Bundesrepublik Deutschland
|2 gnd
|
| 650 |
0 |
7 |
|0 (DE-588)4009736-5
|0 (DE-627)10444407X
|0 (DE-576)208884408
|a Chancengleichheit
|2 gnd
|
| 650 |
0 |
7 |
|0 (DE-588)4069467-7
|0 (DE-627)104767383
|0 (DE-576)209176865
|a Bildungssystem
|2 gnd
|
| 650 |
0 |
7 |
|0 (DE-588)4053474-1
|0 (DE-627)104409630
|0 (DE-576)209103981
|a Schule
|2 gnd
|
| 650 |
0 |
7 |
|0 (DE-588)4180032-1
|0 (DE-627)105328960
|0 (DE-576)209995351
|a Schülerauslese
|2 gnd
|
| 650 |
0 |
7 |
|0 (DE-588)4121684-2
|0 (DE-627)10576776X
|0 (DE-576)209545313
|a Soziale Herkunft
|2 gnd
|
| 650 |
0 |
7 |
|0 (DE-588)4154943-0
|0 (DE-627)104766395
|0 (DE-576)20981506X
|a Förderung
|2 gnd
|
| 650 |
0 |
7 |
|0 (DE-588)4006667-8
|0 (DE-627)106376772
|0 (DE-576)208866531
|a Bildungspolitik
|2 gnd
|
| 650 |
0 |
7 |
|0 (DE-588)4012475-7
|0 (DE-627)106348302
|0 (DE-576)208898638
|a Diskurs
|2 gnd
|
| 650 |
0 |
7 |
|0 (DE-588)4006672-1
|0 (DE-627)106376756
|0 (DE-576)208866558
|a Bildungsreform
|2 gnd
|
| 650 |
0 |
7 |
|0 (DE-588)4053539-3
|0 (DE-627)106166751
|0 (DE-576)209104279
|a Schulreform
|2 gnd
|
| 650 |
0 |
7 |
|0 (DE-588)4077201-9
|0 (DE-627)106080881
|0 (DE-576)20920432X
|a Schulleistung
|2 gnd
|
| 650 |
0 |
7 |
|0 (DE-588)4047966-3
|0 (DE-627)104297859
|0 (DE-576)209075570
|a Qualität
|2 gnd
|
| 650 |
0 |
7 |
|0 (DE-588)4044302-4
|0 (DE-627)106206168
|0 (DE-576)209060174
|a Pädagogik
|2 gnd
|
| 650 |
0 |
7 |
|0 (DE-588)4020588-5
|0 (DE-627)106317520
|0 (DE-576)208933956
|a Gesellschaft
|2 gnd
|
| 650 |
0 |
7 |
|0 (DE-588)4186884-5
|0 (DE-627)105276286
|0 (DE-576)210042168
|a Ungleichheit
|2 gnd
|
| 650 |
0 |
7 |
|0 (DE-588)4006650-2
|0 (DE-627)106376810
|0 (DE-576)208866450
|a Bildung
|2 gnd
|
| 651 |
|
7 |
|0 (DE-588)4011889-7
|0 (DE-627)104732423
|0 (DE-576)208896201
|a Deutschland
|g Bundesrepublik
|2 gnd
|
| 651 |
|
7 |
|0 (DE-588)4047194-9
|0 (DE-627)104516828
|0 (DE-576)209072652
|a Preußen
|2 gnd
|
| 773 |
0 |
8 |
|i In
|t Pädagogische Rundschau
|d Berlin : Peter Lang, Internationaler Verlag der Wissenschaften, 1947
|g 57(2003), 1, Seite 67-91
|w (DE-627)129489603
|w (DE-600)205916-2
|w (DE-576)014883260
|x 0030-9273
|7 nnas
|
| 773 |
1 |
8 |
|g volume:57
|g year:2003
|g number:1
|g pages:67-91
|
| 935 |
|
|
|a mkri
|
| 951 |
|
|
|a AR
|
| ELC |
|
|
|b 1
|
| LOK |
|
|
|0 000 xxxxxcx a22 zn 4500
|
| LOK |
|
|
|0 001 3282012233
|
| LOK |
|
|
|0 003 DE-627
|
| LOK |
|
|
|0 004 1631354353
|
| LOK |
|
|
|0 005 20160223094924
|
| LOK |
|
|
|0 008 160208||||||||||||||||ger|||||||
|
| LOK |
|
|
|0 040
|a DE-21-110
|c DE-627
|d DE-21-110
|
| LOK |
|
|
|0 689
|a s
|a Bildung
|
| LOK |
|
|
|0 689
|a s
|a Chancengleichheit
|
| LOK |
|
|
|0 852
|z Kein Bestand am IfK; Nachweis für KrimDok
|
| LOK |
|
|
|0 852
|a DE-21-110
|
| LOK |
|
|
|0 852 1
|m v
|9 00
|
| LOK |
|
|
|0 935
|a k110
|
| LOK |
|
|
|0 938
|k v
|
| LOK |
|
|
|0 939
|a 08-02-16
|b l01
|
| ORI |
|
|
|a SA-MARC-krimdoka001.raw
|